| 000 | 00818cam a2200277 a 4500 | ||
|---|---|---|---|
| 999 |
_c3642 _d3642 |
||
| 001 | 3308724 | ||
| 003 | Nust | ||
| 005 | 20170105101221.0 | ||
| 008 | 831110s1983 enk b 001 0 eng | ||
| 010 | _a 83226586 | ||
| 020 |
_a0709905203 : _c£13.95 |
||
| 040 |
_aDLC _cDLC _dDLC |
||
| 043 | _aa-pk--- | ||
| 050 | 0 | 0 |
_aHC440.5 _b.A776 1983 |
| 082 | 0 | 0 |
_a338/.04/095491 _219 |
| 100 | 1 | _aAltaf, Zafar. | |
| 245 | 1 | 0 |
_aPakistani entrepreneurs : _btheir development, characteristics, and attitudes / _cZafar Altaf. |
| 260 |
_aLondon : _bCroom Helm, _cc1983. |
||
| 300 |
_axxi, 244 p. ; _c23 cm. |
||
| 500 | _aIncludes index. | ||
| 504 | _aBibliography: p. 231-241. | ||
| 650 | 0 |
_aIndustries _zPakistan. |
|
| 650 | 0 | _aEntrepreneurship. | |
| 906 |
_a7 _bcbc _corignew _d3 _encip _f19 _gy-gencatlg |
||
| 942 |
_2ddc _cBK |
||